Normal view
MARC view
- Peebles. Jr, Peyton Z
Entry Personal Name
001 - CONTROL NUMBER
- control field: 34579
003 - CONTROL NUMBER IDENTIFIER
- control field: NUST
005 - DATE AND TIME OF LATEST TRANSACTION
- control field: 20201027121307.0
008 - FIXED-LENGTH DATA ELEMENTS
- fixed length control field: 201027|| aca||aabn | a|a d
040 ## - CATALOGING SOURCE
- Original cataloging agency: NUST
- Transcribing agency: NUST
100 ## - HEADING--PERSONAL NAME
- Personal name: Peebles. Jr, Peyton Z
670 ## - SOURCE DATA FOUND
- Source citation: Work cat.: (NUST)540515: Peebles. Jr, Peyton Z., Probability, Random Variables, and Random Signal Principles , 2017.
